Responses for Show #364 - Thursday, January 30, 1986

Beryl Arbit game 4.

Contestants

[<< previous game]

Mitch Gilaty, a corporate finance specialist from San Francisco, California

Lucille Clifton, a professor of literature from Santa Cruz, California

Beryl Arbit, a legal assistant from Encino, California (whose 3-day cash winnings total $31,201)

[next game >>]

Jeopardy! Round responses

WESTERN MOVIES
LANDMARKS
"WIN"NING WORDS
MATHEMATICS
CLOTHING
DEATH & TAXES
    $100 20
Tracy & Hepburn

Beryl
    $100 17
the Eiffel Tower

Lucille
    $100 9
wince

Mitch
    $100 6
8 cubic inches

Mitch
    $100 16
ascot

Mitch
    $100 1
the Internal Revenue Service

Beryl
    $200 24
Billy the Kid

Lucille
    $200 23
Valley Forge

Mitch
    $200 12
winnow

Beryl
    $200 7
negatives (negative numbers)

Mitch
    $200 18
a high-heeled shoe

Lucille
    $200 2
cigarettes (tobacco products)

Beryl
    $300 25
W.C. Fields & Mae West

Lucille
    $300 27
the Golden Gate Bridge

Lucille
    $300 13
(Lucille: What is the Pooh? [*] the Pooh?)
[Originally ruled correct; reversed after first break]

Winnie

Lucille
Triple Stumper
    $300 8
1

Lucille
    $300 19
purple

Mitch
    $300 3
Alaska

Beryl
    $400 26
(Alex: We've got about a minute to go in the round.)

Gunfight at the O.K. Corral (The Gunfight at O.K. Corral accepted)

Mitch
    $400 29
The Little Mermaid

Beryl
    $400 14
Winnebago

Lucille
    $400 10
a prime number

Mitch
    $400 21
the yoke

Beryl
    $400 4
Hawaii

Beryl
    $500 28
Clint Eastwood

Mitch
    $400 30
the Pentagon

Beryl
    $500 15
the Winchester Cathedral

Beryl
    $500 11
(Mitch: What is number theory?)

algebra

LucilleMitch
    $500 22
(Mitch: What is... Mackintosh?)

jersey

Mitch
Triple Stumper
    $500 5
the state level of government

Triple Stumper

Scores at the first commercial break (after clue 15):

Beryl Lucille Mitch
$1,700 $900 $300

Scores at the end of the Jeopardy! Round:

Beryl Lucille Mitch
$3,000 $2,000 $1,300

Double Jeopardy! Round responses

BUSINESS & INDUSTRY
VICE PRESIDENTS
MUSICALS
ECOLOGY
RELIGION
SPORTS TRIVIA
    $200 6
a Master of Business Administration

Beryl
    $200 17
Rockefeller

Beryl
    $200 7
grind

Lucille
    $200 22
(Beryl: What are aluminum cans?)

(nonrefundable) bottles

BerylMitch
    $200 12
wives (spouses)

Beryl
    $200 1
"Mean Joe"

Mitch
    $400 23
generic

Lucille
    $400 18
Gerald Ford

Beryl
    $400 8
Sondheim

Lucille
    $400 27
the balance of nature

Lucille
    $400 13
(Alex: You can sing along.)
(Beryl: Not in public.)

"I Believe"

Beryl
    $400 2
ice hockey

Mitch
    $600 24
TRW

Mitch
    $600 19
Richard Nixon

Beryl
    $600 9
(Beryl: Who is Billy Rose?)
(Lucille: Is it, uh, Earl White?)
...
(Alex: Let me give it to you. You were so close, Lucille. But, uh, you know, one of the rules on Jeopardy! is that if you give me just the last name, it's all right. But if you give me the wrong first name, I have to rule against you. It was [*], not Earl.)

George White

BerylLucille
Triple Stumper
    $600 28
[The end-of-round signal sounds.]

Russia & Japan

Beryl
    $600 14
(Joseph) Smith

Beryl
    $600 3
Vermont

Mitch
    $800 25
J. Walter Thompson

Triple Stumper
    $1,400 20
John Adams

Beryl
    $800 10
Silk Stockings

Beryl
    $800 15
a pagoda

Beryl
    $800 4
baseball

Mitch
    $1000 26
T. Boone Pickens

Mitch
    $1000 21
(Mitch: Who is James Buchanan?)
...
(Alex: We've got less than a minute to go in the round.)

(Chester A.) Arthur

BerylMitch
    $1000 11
(Mitch: What is...)

"September Song"

LucilleMitch
    $1000 16
(Mother Elizabeth Ann) Seton

Beryl
    $1000 5
(Alex: You did well in that SPORTS TRIVIA category. You blazed through it.)

a dentist

Mitch

Scores at the end of the Double Jeopardy! Round:

Beryl Lucille Mitch
$10,400 $3,800 $4,100
(lock game)

[wagering suggestions for these scores]

Final Jeopardy! Round responses

WORLD GEOGRAPHY
LucilleWhat are Rome and Berlin?
$3,800
MitchWhat are Vienna and Budapest?
$4,000
BerylWhat are Vienna + Bonn?
$600
(2 of) Vienna, Budapest, and Belgrade

Final scores:

Beryl Lucille Mitch
$9,800 $0 $8,100
4-day champion: $41,001 3rd place: Frigidaire microwave oven 2nd place: La-Z-Boy sofa + Stiffel's table lamps

Game dynamics:

Coryat scores:

Beryl Lucille Mitch
$9,900 $3,800 $4,100
23 R
(including 3 DDs),
2 W
13 R,
2 W
17 R,
4 W

Combined Coryat: $17,800

[game clues] [game scores] [suggest correction]

Game tape date: 1985-09-18
The J! Archive is created by fans, for fans. Scraping, republication, monetization, and malicious use prohibited; this site may use cookies and collect identifying information. See terms. The Jeopardy! game show and all elements thereof, including but not limited to copyright and trademark thereto, are the property of Jeopardy Productions, Inc. and are protected under law. This website is not affiliated with, sponsored by, or operated by Jeopardy Productions, Inc. Join the discussion at JBoard.tv.